Vybrané prístupy k problematike internacionalizácie obchodu

Internacionalizácia a postupná globalizácia obchodných podnikov je súčasťou celosvetovo sa formujúcej globálnej ekonomiky. Internacionalizačné a koncentračné tendencie sú základom moderných stratégií rozvoja, trhovej expanzie a prispôsobenia sa novým požiadavkám konkurenčného boja. Prístupy vybranýc...

Full description

Saved in:
Bibliographic Details
Main Author: Matušovičová, Monika, 1967-
Format: Book Chapter
Language:Slovak
Subjects:
Tags: Add Tag
No Tags, Be the first to tag this record!

MARC

LEADER 00000nla$a2200000$$$4500
001 0147154
005 20240502072646.3
041 0 |a slo 
044 |a SK 
245 1 0 |a Vybrané prístupy k problematike internacionalizácie obchodu  |c Monika Matušovičová 
520 |a Internacionalizácia a postupná globalizácia obchodných podnikov je súčasťou celosvetovo sa formujúcej globálnej ekonomiky. Internacionalizačné a koncentračné tendencie sú základom moderných stratégií rozvoja, trhovej expanzie a prispôsobenia sa novým požiadavkám konkurenčného boja. Prístupy vybraných teoretických škôl k problematike internacionalizácie obchodu a identifikácia najvýznamnejších spoločností v oblasti obchodného podnikania a internacionalizácie činnosti. 
610 2 0 |a internacionalizácia 
610 2 0 |a internacionalizácia ekonomiky 
610 2 0 |a obchod 
610 2 0 |a podnikanie obchodné 
100 1 |a Matušovičová, Monika, 1967-